000 00546nam a2200157 a 4500
001 000029504
005 20200930055610.0
008 110418s19uu dr 000 0 spa d
040 _aDO-SdBNP
_bspa
_cBNPHU
082 _axxx
_bB431e
100 1 _aBelis B. Ramón A.
_956367
245 1 0 _aEnsayo monográfico de la foresta nacional :
_blocalización - conservación y regimén administrativo de los montes de la Rep. Dominicana /
_cRamón A. Belis B.
260 _aSanto Domingo :
_bMarrero,
_c[19--?].
300 _a27 p. ;
_c18 cm.
049 _aBNPD
999 _c28996
_d28996